000 00400nam a2200157 4500
001 108931
003 ES-MaACL
005 20230906184736.0
007 t|
008 061121q19101919xxk r ||||1| eng d
100 1 _aMoore, G. E.
_982811
245 1 0 _aEthics /
_cGeorge E. Moore.
260 _aLondon :
_bWilliams and Norgate,
_c[191-?]
300 _a256 p. ;
_c17 cm.
852 _aES-MaACL
_jC-3100
999 _c108931
_d108931